Normale Ansicht MARC-Ansicht ISBD

Warum ein Frankfurter Gefallen am Blauen Enzian fand (Titelsatznr. 80236)

[ MARC ]
MARC-Details
000 -Satzkennung
Kontrollfeld mit fester Länge 00676nam a22001457a 4500
008 - Feld mit fester Länge zur physischen Beschreibung - Allgemeine Angaben
Kontrollfeld mit fester Länge 201130b ||||| |||| 00| 0 eng d
040 ## - Katalogisierungsquelle
Katalogisierungssprache ger
Übertragungsstelle STAFF
Beschreibungsfestlegungen rda
Original-Katalogisierungsstelle STAFF
100 ## - Person oder Familie als 1. geistiger Schöpfer
Personenname Hnida, Jan-Henrik
245 ## - Titel
Haupttitel Warum ein Frankfurter Gefallen am Blauen Enzian fand
Titelzusatz Literatur: Mit "Glücksfall Heino" veröffentlicht Eberhard Kulla ein Buch über den Schlagerstar. Auf 200 Seiten beschreibt der Autor seine Fan-Liebe.
Verantwortlichkeitsangabe Jan-Henrik Hnida
773 ## - Übergeordnete Einheit
Ort, Verlag und Erscheinungsjahr Frankfurt (Oder): Märkisches Verlags- und Druckhaus GmbH & Co KG
Verknüpfungsangaben 31. Jahrgang (2020) Nr. 277 vom 27.11.2020, S. 16
Titel Märkische Oderzeitung
942 ## - Zusätzliche Felder (Koha)
Koha-Medientyp Aufsätze
Exemplare
Ausgeschieden Verloren Beschädigt Nicht entleihbar Permanenter Standort Aktueller Standort Eingabedatum Anzahl Ausleihen Signatur Letzte Aktivität Preis gültig von Medientyp
        Stadtarchiv Frankfurt (Oder) | Archivbibliothek Stadtarchiv Frankfurt (Oder) | Archivbibliothek 02/12/2020   Z2 02/12/2020 02/12/2020 Aufsätze